Economics of the public sector

Сохранить в:
Библиографические подробности
Главный автор: Stiglitz, Joseph E
Формат:
Опубликовано: W. W. Norton 1999
Метки: Добавить метку
Нет меток, Требуется 1-ая метка записи!
Thư viện lưu trữ: Mạng thư viện Đại học Đà Nẵng
LEADER 00527nam a2200217 a 4500
001 000029643
003 8524
005 20171030145630.0
008 171030s1999
040 |a LTT 
082 0 |a 336.73  |b ST-J 
100 1 |a Stiglitz, Joseph E 
245 0 0 |a Economics of the public sector  |c Joseph E. Stiglitz. 
260 |b W. W. Norton  |c 1999 
OWN |a LTT 
999 |a From the UDN01 
TYP |a Monograph 
TYP |a Printed language 
980 |a Mạng thư viện Đại học Đà Nẵng